| Tag |
First Indicator |
Second Indicator |
Subfields |
| LEADER |
00000cam a2200000 a 4500 |
| 001 |
in00002139794 |
| 006 |
m e d # |
| 007 |
cr mn mmmmabba |
| 008 |
820423s1742 mau s 000 0 eng d |
| 005 |
20260331164048.6 |
| 035 |
|
|
|z w022348
|
| 035 |
|
|
|a MAAR8204231306B
|
| 035 |
|
|
|9 mwa91-30366
|
| 035 |
|
|
|a 323688
|
| 035 |
|
|
|a aas03022348
|
| 040 |
|
|
|a MWA
|c MWA
|e bdrb
|d UtOrBLW
|
| 100 |
1 |
|
|a McGregore, David,
|d 1710-1777.
|
| 245 |
1 |
4 |
|a The spirits of the present day tried :
|b A sermon at the Tuesday evening-lecture in Brattle-Street, Boston, Nov. 3. 1741. /
|c By the Reverend Mr. David MacGregore, of Londonderry in New-England. ; With a preface by some ministers of Boston.
|
| 250 |
|
|
|a The second edition. /
|b With an appendix containing a answer to the preface of Mr. Caldwell's sermon on the trial of the spirits. [Two lines from I. Thessalonians].
|
| 264 |
|
3 |
|a Boston :
|b Printed by J. Draper for D. Henchman in Cornhill,
|c 1742.
|
| 300 |
|
|
|a 8 unnumbered pages, 30, xi, 3 unnumbered pages ;
|c 18 cm. (octavo)
|
| 336 |
|
|
|a text
|b txt
|2 rdacontent
|
| 337 |
|
|
|a computer
|b c
|2 rdamedia
|
| 338 |
|
|
|a online resource
|b cr
|2 rdacarrier
|
| 500 |
|
|
|a Half-title: Mr. MacGregore's sermon on the trial of the spirits.
|
| 510 |
4 |
|
|a Evans
|c 4993
|
| 530 |
|
|
|a Microform version available in the Readex Early American Imprints series.
|
| 533 |
|
|
|a Electronic text and image data.
|b [Chester, Vt. :
|c Readex, a division of Newsbank, Inc.,
|d 2002-2004.
|e Includes files in TIFF, GIF and PDF formats with inclusion of keyword searchable text.
|f (Early American imprints. First series ; no. 4993).
|
| 500 |
|
|
|a Electronic resource.
|
| 600 |
1 |
0 |
|a Caldwell, John.
|t Impartial trial of the spirit.
|
| 650 |
|
0 |
|a Conversion.
|
| 650 |
|
0 |
|a Great Awakening.
|
| 655 |
|
7 |
|a Sermons
|y 1741.
|2 rbgenr
|
| 752 |
|
|
|a United States
|b Massachusetts
|d Boston.
|
| 830 |
|
0 |
|a Early American imprints.
|n Series I,
|p Evans (1639-1800) ;
|v no. 4993.
|
| 856 |
4 |
1 |
|u http://proxy.library.tamu.edu/login?url=https://opac.newsbank.com/select/evans/4993
|y Evans Digital Edition
|t 0
|
| 999 |
|
|
|a MARS
|
| 999 |
f |
f |
|s c6f6688c-3ec5-375f-ad80-38bbc57528a4
|i da711f3b-cc6d-375f-afb6-bc0ae54090be
|t 0
|
| 952 |
f |
f |
|a Texas A&M University
|b College Station
|c Electronic Resources
|s www_evans
|d Available Online
|t 0
|h No information provided
|
| 998 |
f |
f |
|t 0
|l Available Online
|